| 000 | 00525nam a2200217Ia 4500 | ||
|---|---|---|---|
| 005 | 20250425162426.0 | ||
| 008 | 250425s9999 xx 000 0 und d | ||
| 020 | _a8484761398 | ||
| 041 | _aspa | ||
| 082 | _a631.585 | ||
| 100 | _aURRESTARAZU, MIGUEL | ||
| 245 | 0 | _aTRATADO DE CULTIVO SIN SUELO | |
| 250 | _a3A ED. | ||
| 260 |
_aEspaƱa _bEDICIONES MUNDI-PRENSA _c2004 |
||
| 260 | _aMADRID | ||
| 300 | _a914 | ||
| 650 | _aCULTIVO SIN TIERRA | ||
| 650 | _aCULTIVOS HIDROPONICOS | ||
| 942 | _c01 | ||
| 010 | _a72691 | ||
| 999 |
_c228943 _d228943 |
||